000 00438nam a22001097a 4500
999 _c6723
_d6723
008 200324b ||||| |||| 00| 0 eng d
245 _aNational Implementation Plan for the Stockholm Convention on Persistent Organic Pollutants/
_cVice President's Office Division of Environment.-
_hEnglish.
260 _aDar Es Salaam:
_bVice President's Office,
_c2008.
300 _axxviii, 306p;
_bill;
_c26cm.-
650 _2ENVIRONMENT
942 _2ddc
_cBOOKS